Loading...

Dr. C R Reddy (m)

Bibliographic Details
Main Author: Anjaneyulu; Pavanan, Tr
Format: Printed Book
Published: New Delhi English Sahitya Akademi 1981
Subjects:
LEADER 00464nam a2200157 4500
082 |a 928.T RED-A 
100 |a Anjaneyulu; Pavanan, Tr. 
245 |a Dr. C R Reddy (m) 
250
260 |a New Delhi  |b English Sahitya Akademi  |c 1981 
300
490
650 |a Biography-Tamil literature 
942 |c BK 
999 |c 225909  |d 225909 
952 |0 0  |1 0  |4 0  |6 928_000000000000000_T_REDA  |7 0  |9 240042  |a SDE  |b SDE  |d 2019-12-12  |l 0  |o 928.T RED-A  |p SDE5236  |r 2019-12-12  |w 2019-12-12  |y BK